Unfair contract terms (Record no. 117055)
[ view plain ]
| 000 -LEADER | |
|---|---|
| fixed length control field | 01160cam a2200229 4500 |
| 001 - CONTROL NUMBER | |
| control field | WB4008-11 |
| 008 - FIXED-LENGTH DATA ELEMENTS--GENERAL INFORMATION | |
| fixed length control field | 040225n2004 000 0 eng u |
| 035 ## - SYSTEM CONTROL NUMBER | |
| System control number | (Sirsi) u125230 |
| 245 ## - TITLE STATEMENT | |
| Title | Unfair contract terms |
| 260 ## - PUBLICATION, DISTRIBUTION, ETC. | |
| Date of publication, distribution, etc. | 2004 |
| 490 ## - SERIES STATEMENT | |
| Series statement | OFT Press Release |
| Volume/sequential designation | (29/04) 24 February 2004 (2) |
| 520 ## - SUMMARY, ETC. | |
| Summary, etc. | CA has decided, in line with OFT views that the Unfair Terms in Consumer Contract Regulations 1999 (UTCCRs) apply to tenants in both private and public sector accommodation and consumers buying new homes from developers. The appeal was brought against the decision of the judicial review by three tenants against the Newham LBC placement policy on housing homeless people. Newham had argued that the UTCCRs did not apply to their tenancy agreement. For the OFT press release: http://www.oft.gov.uk/News/Press+releases/2004/29- 04.htm |
| 590 ## - LOCAL NOTE (RLIN) | |
| Local note | WB |
| 590 ## - LOCAL NOTE (RLIN) | |
| Local note | WB |
| 650 ## - SUBJECT ADDED ENTRY--TOPICAL TERM | |
| Topical term or geographic name entry element | NEWHAM LBC |
| 650 ## - SUBJECT ADDED ENTRY--TOPICAL TERM | |
| Topical term or geographic name entry element | UNFAIR TERMS IN CONSUMER CONTRACTS REGULATIONS 1999 |
| 650 ## - SUBJECT ADDED ENTRY--TOPICAL TERM | |
| Topical term or geographic name entry element | HOMELESS PEOPLE |
| 650 ## - SUBJECT ADDED ENTRY--TOPICAL TERM | |
| Topical term or geographic name entry element | TENANCY AGREEMENTS |
| 650 ## - SUBJECT ADDED ENTRY--TOPICAL TERM | |
| Topical term or geographic name entry element | NEWHAM LBC V KHATUN AND OTHERS |
| 690 ## - LOCAL SUBJECT ADDED ENTRY--TOPICAL TERM (OCLC, RLIN) | |
| Topical term or geographic name as entry element | LANDLORD AND TENANT-RESIDENTIAL TENANCIES |
| 942 ## - ADDED ENTRY ELEMENTS (KOHA) | |
| Suppress in OPAC | 0 |
| Withdrawn status | Lost status | Source of classification or shelving scheme | Damaged status | Not for loan | Home library | Current library | Shelving location | Date acquired | Total Checkouts | Full call number | Barcode | Date last seen | Copy number | Price effective from | Koha item type |
|---|---|---|---|---|---|---|---|---|---|---|---|---|---|---|---|
| Dewey Decimal Classification | London | London | News article | 25/02/2004 | WB4008-11 | 125230-1001 | 06/08/2019 | 1 | 06/08/2019 | Journal article |